00381nam a22001457a 450000500170000001000130001702000230003003500130005303700280006608200080009424500460010226000450014830000210019370000210021420190515170832.0 aB-129814 a0195666615c595.00 aB-129814 bOxford University Press a880 aPurdah :ban anthology /cEunice De Souza aNew DelhibOxford University Pressc2004 a552p.c22cm(hbk) aSouza, Eunice de